000 00661nam a2200217 a 4500
001 BRCA_3847
005 20190320204440.0
008 161209s1924----mx-a######---#000-0#spa-#
041 _aspa
044 _amx
050 4 _aNA5257
_b.V35 1924
100 1 _aValle Rafael, Heliodoro.
_910019
245 1 0 _aEl Convento de Tepotzotlán
_cRafael Heliodoro Valle.
260 _aMéxico
_bTalleres Gráficos del Museo Nacional de Arqueología, Historia y Etnografía
_c1924
300 _a130 p.
_bil., 52 láminas
_c20 cm.
500 _aB190
650 1 4 _aConventos y monasterios
_eMéxico
_910020
651 4 _aTepotzotlán
_910021
902 _aGFM
942 _2lcc
_cB
999 _c3575
_d3575